[Event "North Urals Cup"]
[Site "Krasnoturinsk RUS"]
[Date "2005.07.13"]
[Round "9"]
[White "Kosintseva,T"]
[Black "Galliamova,A"]
[Result "1-0"]
[WhiteElo "2477"]
[BlackElo "2453"]
[EventDate "2005.07.04"]

1. e4 c5 2. Nc3 Nc6 3. Nf3 d6 4. d4 cxd4 5. Nxd4 Nf6 6. Bg5 e6 7. Qd2 a6 8.
O-O-O Be7 9. f4 Nxd4 10. Qxd4 b5 11. Bxf6 gxf6 12. Bd3 Qc7 13. Qe3 Qc5 14.
Qg3 Bd7 15. Qg7 Rf8 16. Kb1 h5 17. e5 d5 18. exf6 Bd6 19. Rhe1 O-O-O 20. g3
h4 21. Qg4 hxg3 22. hxg3 Bc7 23. Rh1 Rg8 24. Qh5 a5 25. Ne4 Qb6 26. Ng5
Rdf8 27. Nh7 Rh8 28. Qf3 Rd8 29. Ng5 Rxh1 30. Rxh1 Be8 31. Qh5 Qe3 32. Nxf7
Qxg3 33. Bg6 Bxf4 34. Nxd8 Bxg6 35. Qh8 Kd7 36. f7 Bxc2+ 37. Ka1 Bd6 38.
Qe8+ Kc7 39. Qc6+ Kxd8 40. Rh8+ Bf8 41. Rxf8+ Ke7 42. Re8+ Kxf7 43. Qxe6+
1-0